US National Lakeshores and Seashores Quiz - Statistics

General Stats
  • This quiz has been taken 57 times
    42 since last reset
  • The average score is 5 of 13
Answer Stats
State Shore % Correct
Massachusetts Cape Cod
69%
North Carolina Cape Hatteras
54%
New York Fire Island
46%
Wisconsin Apostle Islands
42%
Michigan Sleeping Bear Dunes
42%
Texas Padre Island
38%
Michigan Pictured Rocks
38%
California Point Reyes
31%
Georgia Cumberland Island
23%
Maryland, Virginia Assateague Island
19%
North Carolina Cape Lookout
19%
Florida, Mississippi Gulf Islands
19%
Florida Canaveral
15%
No matching quizzes found
Score Distribution
Percent of People with Each Score
Percentile by Number Answered
Your Score History
You have not taken this quiz since the last reset